000 01152 a2200241 4500
003 Nust
005 20230221184945.0
010 _a 94003482
020 _a013309832X
040 _cNust
082 0 0 _a629.895,PHI
100 1 _aPhillips, Charles L.
_944526
245 1 0 _aDigital control system analysis and design /
_cCharles L. Phillips, H. Troy Nagle.
250 _a3rd ed.
260 _aEnglewood Cliffs, N.J. :
_bPrentice Hall,
_cc1995.
300 _axv, 685 p. ;
_c25 cm.
505 _aIntroduction (Page-1), Discrete Time Systems And The Z-Transform (Page-27), Sampling And Reconstruction (Page-89), Open Loop Discrete Time Systems (Page-131), Closed Loop Systems (Page-173), Stability Analysis Techniques (Page-235), Digital Controller Design (Page-281), Pole Assignment Design And State Estimation (Page-337), Liner Quadratic Optimal Control (Page-382), Digital Filter Structures (Page-465), Finite Wordlength Effects (Page-525).
650 0 _aDigital control systems.
650 0 _aElectric filters, Digital.
_955760
650 0 _aIntel 8086 (Microprocessor)
_995146
700 1 _aNagle, H. Troy,
_d1942-
_9106756
942 _2ddc
_cBK
999 _c189083
_d189083